Κατάλογος Βιβλιοθηκών Mediterranean College

A Practical English Grammar / Third Edition (Record no. 4207)

MARC details
000 -LEADER
fixed length control field 01296cam a22002174a 4500
005 - ΗΜΕΡΟΜΗΝΙΑ ΚΑΙ ΩΡΑ ΤΕΛΕΥΤΑΙΑΣ ΕΝΗΜΕΡΩΣΗΣ
Πεδίο ελέγχου 20250605164139.0
008 - FIXED-LENGTH DATA ELEMENTS--GENERAL INFORMATION
Πεδίο ελέγχου σταθερού μήκους 250528s ||||||||||||||||||||||||d
035 ## - SYSTEM CONTROL NUMBER
System control number 18904
020 ## - ISBN
ISBN 194313360
040 ## - ΠΗΓΗ ΚΑΤΑΛΟΓΟΓΡΑΦΗΣΗΣ
Φορέας πρωτότυπης καταλογογράφησης MC Athens Campus Library
Γλώσσα καταλογογράφησης Ελληνικά, Μοντέρνα (1453-)
Modifying agency MC Athens Campus Library
Κανόνες περιγραφικής καταλογογράφησης AACR2
245 1# - ΤΙΤΛΟΣ ΚΑΙ ΔΗΛΩΣΗ ΥΠΕΥΘΥΝΟΤΗΤΑΣ
Τίτλος A Practical English Grammar / Third Edition
250 ## - EDITION STATEMENT
Edition statement 3rd
260 ## - PUBLICATION, DISTRIBUTION, ETC.
Name of publisher, distributor, etc. Oxford University Press,
Date of publication, distribution, etc. 1982
300 ## - PHYSICAL DESCRIPTION
Extent 372
520 ## - SUMMARY, ETC.
Summary, etc. An intermediate level reference grammar for students of English as a foreign language. Articles, Nouns, Adjectives, Demonstrative and Disruptive and Quantitative Adjectives and Pronouns, Interrogative Adjectives and Pronouns and Adverbs, Possessive Adjectives and Personal and Other Pronouns, Relative Pronouns and Relative Clauses, Adverbs, Prepositions, Conjuctions, Introduction to Verbs, The Auxiliaries Be and Have and Do, May and Can, Myst and Have to and Need, The Auxiliariies Ought and Dare and Used, The Present Tenses, The Past and Perfect Tenses, The Future, The Sequence of Tenses, The Conditional, The Infinitive, The Gerund, The Participles, Commands and Requests and Advice, The Subjuctive, The Passive Voice, Irregular Verbs, Spelling Rules, Index.
700 1# - ΠΡΟΣΘΕΤΗ ΑΝΑΓΡΑΦΗ--ΦΥΣΙΚΟ ΠΡΟΣΩΠΟ
Personal name Martinet A. V
9 (RLIN) 5189
700 1# - ΠΡΟΣΘΕΤΗ ΑΝΑΓΡΑΦΗ--ΦΥΣΙΚΟ ΠΡΟΣΩΠΟ
Personal name Thomson A. J
9 (RLIN) 5190
942 ## - ADDED ENTRY ELEMENTS (KOHA)
Koha item type Books
Holdings
Τύπος τεκμηρίου Βιβλιοθήκη Τρέχουσα τοποθεσία Barcode Αριθμός εισαγωγής Ημερομηνία απόκτησης Ταξιθετικό σύμβολο Αριθμός αντιτύπου Κατάσταση απόσυρσης Κατάσταση χαμένου Κατάσταση κατεστραμμένου Μη δανεισμός Σύνολο δανεισμών Ημερομηνία τελευταίας εμφάνισης Η τιμή ισχύει από
Books MC Athens Campus Library MC Athens Campus Library 9780000042064 3825 05/06/2025 428.2 THO 1           05/06/2025 05/06/2025

MC Athens Campus Library
Πατησίων 94 & Κοδριγκτώνος 13, 104 34
Πελλήνης 8 & Πατησίων 107, 112 51
Τ: +30 210 8899600

MC Thessaloniki Campus Library
Ίωνος Δραγούμη 21, 54625 | Ίωνος Δραγούμη 15, 54625
Τ: +30 2310 287779 – Τ: +30 2314 440300